Los jinetes del desarrollo en tiempos neoliberales (6): Tercer Jinete: los neopentecostales. ¿Por qué emigran los católicos al neopentecostalismo? /
保存先:
| 第一著者: | |
|---|---|
| フォーマット: | テキスト |
| タグ: |
タグ追加
タグなし, このレコードへの初めてのタグを付けませんか!
|
MARC
| LEADER | 00000 a a2200000 04500 | ||
|---|---|---|---|
| 001 | 45436 | ||
| 003 | |||
| 040 | |||
| 100 | |a Rocha, José Luis | ||
| 245 | |a Los jinetes del desarrollo en tiempos neoliberales (6): |b Tercer Jinete: los neopentecostales. ¿Por qué emigran los católicos al neopentecostalismo? / |c José Luis Rocha | ||
| 773 | |g volumen31, número366 ( , 2012), páginas 46-53 | ||
| 999 | |c 37238 |d 37238 | ||
